[Event "Vienna Advent op"]
[Site "Vienna"]
[Date "2024.12.11"]
[Round "3"]
[White "Futschik, Raphael"]
[Black "Prager, Manfred"]
[Result "1-0"]
[WhiteElo "2041"]
[BlackElo "1932"]
[PlyCount "77"]
[EventDate "2024.12.09"]
[EventType "swiss"]
[EventRounds "7"]
[EventCountry "AUT"]
[SourceTitle "CB04_2025"]
[SourceDate "2025.01.22"]
[SourceVersion "1"]
[SourceVersionDate "2025.01.22"]
[SourceQuality "1"]

1. d4 Nf6 2. e3 d5 3. Bd3 g6 4. f4 Bg7 5. Nf3 b6 6. Ne5 Bb7 7. Nd2 0-0 8. Qf3 Nbd7 9. 0-0 c5 10. c3 e6 11. Kh1 Qc7 12. Qe2 Ne4 13. Ndf3 a6 14. a4 Ndf6 15. Bd2 Nxd2 16. Qxd2 c4 17. Bc2 b5 18. Qe2 Qd6 19. Nd2 Rfc8 20. e4 Re8 21. Nxf7 Kxf7 22. e5 Qe7 23. exf6 Bxf6 24. Nf3 Kg7 25. Ne5 b4 26. cxb4 Qxb4 27. Qg4 Bxe5 28. fxe5 Qd2 29. Qh4 Qxc2 30. Qf6+ Kg8 31. Qf7+ Kh8 32. Qxb7 Rab8 33. Qd7 Rbd8 34. Qf7 Qd3 35. Ra3 Qe4 36. Rh3 g5 37. Qf6+ Kg8 38. Qxg5+ Kh8 39. Qf6+ 1-0

[Event "AUT-chT2O 1920"]
[Site "Austria"]
[Date "2019.10.19"]
[Round "1.6"]
[White "Matt, Fabian"]
[Black "Prager, Manfred"]
[Result "1-0"]
[WhiteElo "2303"]
[BlackElo "1972"]
[PlyCount "65"]
[EventDate "2019.10.19"]
[EventType "team-tourn"]
[EventRounds "11"]
[EventCountry "AUT"]
[SourceTitle "CBM 192 Extra"]
[Source "Chessbase"]
[SourceDate "2019.11.06"]
[SourceVersion "1"]
[SourceVersionDate "2019.11.06"]
[SourceQuality "1"]
[WhiteTeam "Tschaturanga"]
[BlackTeam "Hietzing"]
[WhiteTeamCountry "AUT"]
[BlackTeamCountry "AUT"]

1. d4 Nf6 2. Nf3 d5 3. Bf4 c6 4. e3 Nbd7 5. c4 e6 6. Nc3 Be7 7. Bd3 0-0 8. h3 dxc4 9. Bxc4 Nb6 10. Be2 Nbd5 11. Bh2 Bb4 12. Qb3 Qa5 13. Rc1 Ne4 14. 0-0 Bxc3 15. bxc3 Nexc3 16. Bd3 Na4 17. e4 Nf6 18. Bd6 Nb6 19. e5 Nfd7 20. Rfe1 Qa4 21. Qc3 Nd5 22. Qd2 Re8 23. Rc4 Qa6 24. Re4 f5 25. Rh4 Nf8 26. g4 Ng6 27. Qg5 Ndf4 28. Bf1 Qxa2 29. d5 Ne2+ 30. Bxe2 Qxe2 31. Rxh7 Kxh7 32. Qh5+ Kg8 33. Ng5 1-0

[Event "AUT-chT2O 1718"]
[Site "Austria"]
[Date "2018.04.07"]
[Round "10.5"]
[White "Prager, Manfred"]
[Black "Rother, Moritz"]
[Result "1/2-1/2"]
[WhiteElo "1970"]
[BlackElo "2099"]
[PlyCount "30"]
[EventDate "2017.10.21"]
[EventType "team-tourn"]
[EventRounds "11"]
[EventCountry "AUT"]
[SourceTitle "EXT 2019"]
[Source "ChessBase"]
[SourceDate "2018.10.10"]
[SourceVersion "1"]
[SourceVersionDate "2018.10.10"]
[SourceQuality "1"]
[WhiteTeam "Hietzing"]
[BlackTeam "Tschaturanga"]
[WhiteTeamCountry "AUT"]
[BlackTeamCountry "AUT"]

1. e4 c5 2. Nf3 d6 3. d4 cxd4 4. Nxd4 Nf6 5. Nc3 a6 6. Be2 e5 7. Nb3 Be7 8. 0-0 0-0 9. Be3 Be6 10. f4 exf4 11. Bxf4 Nc6 12. Kh1 d5 13. exd5 Nxd5 14. Nxd5 Bxd5 15. Bf3 Bc5 1/2-1/2

[Event "AUT-chT2O 1617"]
[Site "Austria"]
[Date "2017.04.02"]
[Round "11.6"]
[White "Trippold, Denise"]
[Black "Prager, Manfred"]
[Result "1/2-1/2"]
[WhiteElo "2088"]
[BlackElo "1970"]
[PlyCount "123"]
[EventDate "2016.10.15"]
[EventType "team-tourn"]
[EventRounds "11"]
[EventCountry "AUT"]
[SourceTitle "CBM 177 Extra"]
[Source "ChessBase"]
[SourceDate "2017.04.27"]
[SourceVersion "1"]
[SourceVersionDate "2017.04.27"]
[SourceQuality "1"]
[WhiteTeam "Baden Invest"]
[BlackTeam "Hietzing"]
[WhiteTeamCountry "AUT"]
[BlackTeamCountry "AUT"]

1. d4 Nf6 2. c4 e5 3. dxe5 Ng4 4. Bf4 Nc6 5. Nf3 Bb4+ 6. Nbd2 Qe7 7. e3 Ngxe5 8. Nxe5 Nxe5 9. Be2 b6 10. 0-0 Bxd2 11. Qxd2 Bb7 12. Bg3 d6 13. Rac1 0-0 14. Rfd1 Nd7 15. Bf1 a5 16. b3 Rfe8 17. Re1 f5 18. f3 Nc5 19. Bf2 Qg5 20. Kh1 Re6 21. Qc3 Rg6 22. Qd4 Qh5 23. Qd1 Rf8 24. Rb1 Rh6 25. Bg1 Qh4 26. Qd4 Qg3 27. Qf4 Qg6 28. Qd4 Ne6 29. Qd2 Qg3 30. Rb2 Nc5 31. Qf2 Qe5 32. a3 Qc3 33. Reb1 Nd3 34. Qc2 Qxc2 35. Rxc2 Ne5 36. b4 axb4 37. axb4 Ra8 38. c5 dxc5 39. bxc5 Rg6 40. Be2 Ra3 41. Rcb2 Nd7 42. Bc4+ Kf8 43. e4 fxe4 44. fxe4 Bxe4 45. Re1 Bd3 46. Be6 Nxc5 47. Bxc5+ bxc5 48. Rb8+ Ke7 49. Bf5+ Kf7 50. Bxg6+ Kxg6 51. Rb7 Ra6 52. Rxc7 c4 53. h3 Kf6 54. Kh2 g5 55. Kg3 Rb6 56. Rc8 Rd6 57. Rf8+ Kg7 58. Rc8 Kf6 59. h4 gxh4+ 60. Kxh4 Rd4+ 61. Kg3 Rd6 62. Rf8+ 1/2-1/2

[Event "AUT-chT2O 1617"]
[Site "Austria"]
[Date "2016.11.12"]
[Round "3.6"]
[White "Prager, Manfred"]
[Black "Adler, Thomas"]
[Result "1-0"]
[WhiteElo "1970"]
[BlackElo "1963"]
[PlyCount "75"]
[EventDate "2016.10.15"]
[EventType "team-tourn"]
[EventRounds "11"]
[EventCountry "AUT"]
[SourceTitle "CBM 175 Extra"]
[Source "ChessBase"]
[SourceDate "2016.12.12"]
[SourceVersion "1"]
[SourceVersionDate "2016.12.12"]
[SourceQuality "1"]
[WhiteTeam "Hietzing"]
[BlackTeam "Nickelsdorf Blackburne II"]
[WhiteTeamCountry "AUT"]
[BlackTeamCountry "AUT"]

1. e4 e6 2. d4 d5 3. exd5 exd5 4. Bd3 Nc6 5. c3 Bd6 6. Qf3 Nf6 7. h3 Be6 8. Ne2 h6 9. Bf4 Bxf4 10. Nxf4 Qd7 11. Nd2 0-0-0 12. 0-0-0 Bf5 13. Nxd5 Bxd3 14. Nxf6 Qe6 15. Qxd3 Qxf6 16. Qf3 Qg6 17. Qg4+ Qxg4 18. hxg4 Rhe8 19. Rde1 Ne7 20. Re4 Nd5 21. Rhe1 Kd7 22. Rxe8 Rxe8 23. Rxe8 Kxe8 24. g3 Nf6 25. f3 Nd5 26. c4 Ne7 27. d5 f5 28. Kc2 fxg4 29. fxg4 Ng6 30. Nf3 Ke7 31. Kd3 Kd6 32. Kd4 b6 33. b4 Ne7 34. c5+ Kd7 35. Ne5+ Ke8 36. a4 Kd8 37. cxb6 axb6 38. Nc6+ 1-0

[Event "AUT-chT2O 1213"]
[Site "Austria"]
[Date "2013.03.09"]
[Round "8.2"]
[White "Prager, Manfred"]
[Black "Ganaus, Hannes"]
[Result "1/2-1/2"]
[WhiteElo "2035"]
[BlackElo "2331"]
[PlyCount "143"]
[EventDate "2012.10.06"]
[EventType "team-tourn"]
[EventRounds "11"]
[EventCountry "AUT"]
[SourceTitle "EXT 2014"]
[Source "ChessBase"]
[SourceDate "2013.11.20"]
[SourceVersion "1"]
[SourceVersionDate "2013.11.20"]
[SourceQuality "1"]
[WhiteTeam "Hietzing"]
[BlackTeam "Eichgraben"]
[WhiteTeamCountry "AUT"]
[BlackTeamCountry "AUT"]

1. e4 c6 2. d4 d5 3. Nc3 dxe4 4. Nxe4 Nf6 5. Ng3 h5 6. h4 Bg4 7. Be2 e6 8. c3 Bxe2 9. Qxe2 Bd6 10. Nf5 Kf8 11. Nxd6 Qxd6 12. Nh3 Nbd7 13. Bf4 Qd5 14. f3 Qf5 15. 0-0-0 b5 16. Qc2 Qxc2+ 17. Kxc2 Ke7 18. Bg5 Nb6 19. Nf4 Kd6 20. Nd3 Nfd5 21. Bd2 a5 22. Ne5 Ra7 23. b3 f6 24. Ng6 Re8 25. Rhe1 a4 26. Kb2 Rea8 27. Ra1 c5 28. dxc5+ Kxc5 29. Nf4 Nxf4 30. Be3+ Kc6 31. Bxf4 e5 32. Be3 axb3 33. axb3 Rxa1 34. Rxa1 Rxa1 35. Kxa1 Nd5 36. Bd2 Ne7 37. Kb2 Nf5 38. Be1 Ne3 39. g3 f5 40. Kc1 Nd5 41. Kd2 Nc7 42. Kd3 Ne6 43. Bf2 g5 44. Be3 gxh4 45. gxh4 Nc7 46. Bd2 Ne8 47. c4 bxc4+ 48. Kxc4 Nd6+ 49. Kd3 Kd5 50. Be1 Nb5 51. Bf2 Nc7 52. Bb6 Ne6 53. Be3 Nc7 54. Bb6 Nb5 55. Bf2 Nd6 56. Bb6 Nc8 57. Bf2 Ne7 58. b4 Ng6 59. Bg3 Nf8 60. Bf2 Ne6 61. Be3 e4+ 62. fxe4+ fxe4+ 63. Ke2 Nc7 64. Bd2 Kd4 65. Be3+ Kc4 66. Bf4 Nd5 67. Bd6 Kd4 68. Bc5+ Ke5 69. Kd2 Nc7 70. Ke3 Nd5+ 71. Kd2 Nc7 72. Ke3 1/2-1/2

[Event "AUT-chT2O 1213"]
[Site "Austria"]
[Date "2013.02.03"]
[Round "7.2"]
[White "Menezes, Christoph"]
[Black "Prager, Manfred"]
[Result "0-1"]
[WhiteElo "2303"]
[BlackElo "2035"]
[PlyCount "110"]
[EventDate "2012.10.06"]
[EventType "team-tourn"]
[EventRounds "11"]
[EventCountry "AUT"]
[SourceTitle "EXT 2014"]
[Source "ChessBase"]
[SourceDate "2013.11.20"]
[SourceVersion "1"]
[SourceVersionDate "2013.11.20"]
[SourceQuality "1"]
[WhiteTeam "Wien Ottakring"]
[BlackTeam "Hietzing"]
[WhiteTeamCountry "AUT"]
[BlackTeamCountry "AUT"]

1. d4 Nf6 2. c4 e5 3. dxe5 Ng4 4. Bf4 Nc6 5. Nf3 Bb4+ 6. Nbd2 Qe7 7. e3 Ngxe5 8. Nxe5 Nxe5 9. Be2 b6 10. a3 Bxd2+ 11. Qxd2 Bb7 12. 0-0 a5 13. b4 axb4 14. axb4 0-0 15. Qc3 d6 16. c5 Ng6 17. cxd6 Nxf4 18. dxe7 Nxe2+ 19. Kh1 Nxc3 20. exf8Q+ Kxf8 21. Rxa8+ Bxa8 22. Ra1 Bd5 23. f3 Ke7 24. e4 Be6 25. Rc1 Nb5 26. Kg1 Kd6 27. Rd1+ Ke5 28. Kf2 g6 29. Ke3 h5 30. f4+ Kf6 31. Rc1 Ke7 32. g3 Kd6 33. Rd1+ Ke7 34. Rc1 Kd7 35. Rd1+ Kc8 36. Rc1 Kb7 37. h4 c6 38. Kd3 Kc7 39. Ke3 Bc8 40. Rc2 Be6 41. Rc1 Na3 42. Rc3 Nc4+ 43. Kd4 b5 44. Rc1 Kb6 45. Rc2 Kc7 46. Rc1 Kd6 47. Rc2 Nb6 48. Rc3 Na4 49. Rc1 Bc4 50. Ra1 c5+ 51. bxc5+ Nxc5 52. Ra8 Be6 53. Rb8 Kc6 54. e5 Nd7 55. Rc8+ Kb7 0-1

[Event "AUT-chT2O 1213"]
[Site "Austria"]
[Date "2013.02.02"]
[Round "6.2"]
[White "Prager, Manfred"]
[Black "Bokros, Albert"]
[Result "0-1"]
[WhiteElo "2035"]
[BlackElo "2458"]
[PlyCount "80"]
[EventDate "2012.10.06"]
[EventType "team-tourn"]
[EventRounds "11"]
[EventCountry "AUT"]
[SourceTitle "EXT 2014"]
[Source "ChessBase"]
[SourceDate "2013.11.20"]
[SourceVersion "1"]
[SourceVersionDate "2013.11.20"]
[SourceQuality "1"]
[WhiteTeam "Hietzing"]
[BlackTeam "Lackenbach"]
[WhiteTeamCountry "AUT"]
[BlackTeamCountry "AUT"]

1. e4 c5 2. Nf3 e6 3. d4 cxd4 4. Nxd4 Nf6 5. Nc3 d6 6. Be2 a6 7. Be3 Nbd7 8. 0-0 b5 9. a3 Bb7 10. Bd3 Be7 11. Kh1 0-0 12. f3 Rc8 13. Qe1 Ne5 14. Rd1 Qc7 15. f4 Nc4 16. Bxc4 Qxc4 17. Bg1 Rfd8 18. Nb3 Qc7 19. Nd4 Bf8 20. Rd3 h6 21. Rg3 Kh8 22. Rh3 Re8 23. e5 Nd7 24. exd6 Bxd6 25. Qh4 Qd8 26. Qh5 Qe7 27. f5 Nf6 28. Qg5 e5 29. Nde2 Rc4 30. Rh4 Rec8 31. Qg3 Rxh4 32. Qxh4 Rc4 33. Qe1 Rg4 34. Ng3 h5 35. h3 Rh4 36. Bf2 Rxh3+ 37. Kg1 Rh4 38. Nge4 Rg4 39. Bh4 Bxe4 40. Nxe4 Qb7 0-1

[Event "AUT-chT2O 1213"]
[Site "Austria"]
[Date "2012.12.01"]
[Round "5.4"]
[White "Hangweyrer, Manfred"]
[Black "Prager, Manfred"]
[Result "1-0"]
[WhiteElo "2367"]
[BlackElo "2035"]
[PlyCount "87"]
[EventDate "2012.10.06"]
[EventType "team-tourn"]
[EventRounds "11"]
[EventCountry "AUT"]
[SourceTitle "EXT 2014"]
[Source "ChessBase"]
[SourceDate "2013.11.20"]
[SourceVersion "1"]
[SourceVersionDate "2013.11.20"]
[SourceQuality "1"]
[WhiteTeam "Pamhagen"]
[BlackTeam "Hietzing"]
[WhiteTeamCountry "AUT"]
[BlackTeamCountry "AUT"]

1. e4 c5 2. Nf3 d6 3. Bb5+ Bd7 4. Bxd7+ Qxd7 5. c4 Nc6 6. d4 cxd4 7. Nxd4 Nf6 8. f3 g6 9. Nc3 Bg7 10. Be3 0-0 11. Rc1 Rfd8 12. 0-0 Ne8 13. Nde2 b6 14. Qd2 Qb7 15. b3 Rac8 16. Rfd1 Rc7 17. Bg5 Rdc8 18. Qe3 Nd8 19. Qf2 Ne6 20. Be3 Nf8 21. h3 Ne6 22. Nd5 Rd7 23. Nec3 N6c7 24. Bd4 Nxd5 25. exd5 e5 26. dxe6 fxe6 27. Bxg7 Rxg7 28. Qe3 Re7 29. Re1 Ng7 30. Rcd1 Nf5 31. Qd3 Qc6 32. Ne4 Rd8 33. Qc3 e5 34. Qd2 Kg7 35. Qg5 Rf8 36. Rxd6 Qc7 37. Rd5 Nd4 38. Nd6 h6 39. Qd2 Rf6 40. Ne4 Rf8 41. Re3 Rd8 42. Nc3 Rde8 43. Re4 Rf8 44. Rdxd4 1-0

[Event "AUT-chT2O 1213"]
[Site "Austria"]
[Date "2012.11.18"]
[Round "4.3"]
[White "Kleiser, Gregor"]
[Black "Prager, Manfred"]
[Result "1-0"]
[WhiteElo "2286"]
[BlackElo "2035"]
[PlyCount "157"]
[EventDate "2012.10.06"]
[EventType "team-tourn"]
[EventRounds "11"]
[EventCountry "AUT"]
[SourceTitle "EXT 2014"]
[Source "ChessBase"]
[SourceDate "2013.11.20"]
[SourceVersion "1"]
[SourceVersionDate "2013.11.20"]
[SourceQuality "1"]
[WhiteTeam "Tschaturanga"]
[BlackTeam "Hietzing"]
[WhiteTeamCountry "AUT"]
[BlackTeamCountry "AUT"]

1. d4 Nf6 2. Nf3 d5 3. g3 e6 4. Bg2 Be7 5. 0-0 0-0 6. c4 c6 7. b3 b6 8. Bb2 Bb7 9. Nc3 Nbd7 10. Qc2 Rc8 11. Rfd1 Qc7 12. Rac1 Rfe8 13. Qb1 Qb8 14. e4 dxe4 15. Ng5 h6 16. Ngxe4 Red8 17. Re1 Nxe4 18. Qxe4 Nf6 19. Qe2 Rd7 20. Red1 Rcd8 21. Rd3 Bc5 22. Rcd1 Bxd4 23. Nd5 c5 24. Nxf6+ gxf6 25. Bxb7 Qxb7 26. Bxd4 Rxd4 27. Rxd4 Rxd4 28. Rxd4 cxd4 29. Qg4+ Kf8 30. Qxd4 Kg7 31. Qg4+ Kf8 32. Qd1 Qe4 33. h3 Qe5 34. Kg2 Qc5 35. Qf3 Kg7 36. Qg4+ Kf8 37. Qe4 Kg7 38. Kf3 Qa3 39. Qc2 Qc5 40. h4 Qh5+ 41. Kg2 Qc5 42. Kf1 a5 43. Qd2 a4 44. Qc3 Qa3 45. Qc2 axb3 46. axb3 Qa5 47. Qe4 Qb4 48. Qe3 Qa5 49. Kg2 Qa8+ 50. Qf3 Qa3 51. Qc3 Qa8+ 52. Kf1 Qh1+ 53. Ke2 Qe4+ 54. Kd2 Qf5 55. Qd4 Qa5+ 56. Ke3 Qb4 57. Qg4+ Kf8 58. Qd1 Kg7 59. Kd3 Qc5 60. Qg4+ Kf8 61. Qd4 Qf5+ 62. Kc3 Qa5+ 63. Kb2 Kg7 64. Qd6 b5 65. b4 Qa4 66. cxb5 Qxb5 67. Kb3 Qe2 68. Qd4 Qf3+ 69. Qe3 Qd5+ 70. Kb2 Qc4 71. Ka3 Qa6+ 72. Kb3 Qb5 73. Qe4 Qa6 74. Qg4+ Kf8 75. Qc4 Qa1 76. Qf4 Kg7 77. b5 Qa5 78. Qg4+ Kf8 79. Qb4+ 1-0

[Event "Vienna-ch"]
[Site "Vienna"]
[Date "2004.10.24"]
[Round "1"]
[White "Prager, Manfred"]
[Black "Trkulja, Zoran"]
[Result "0-1"]
[WhiteElo "2065"]
[BlackElo "2230"]
[PlyCount "66"]
[EventDate "2004.??.??"]
[EventType "swiss"]
[EventRounds "7"]
[EventCountry "AUT"]
[SourceTitle "EXT 2005"]
[Source "ChessBase"]
[SourceDate "2004.11.15"]
[SourceVersion "1"]
[SourceVersionDate "2004.11.15"]
[SourceQuality "1"]

1. e4 e6 2. d4 d5 3. exd5 exd5 4. Bd3 Nc6 5. c3 Bd6 6. Qf3 Nf6 7. h3 Be6 8. Ne2 Qd7 9. Bf4 0-0-0 10. Nd2 Na5 11. Bxd6 Qxd6 12. 0-0-0 Rhe8 13. Nf4 Kb8 14. Rde1 Bc8 15. g4 h6 16. Ng2 Be6 17. Nh4 Nc4 18. Nf5 Nxd2 19. Kxd2 Qf8 20. Re2 Ne4+ 21. Kc1 g6 22. Ng3 f5 23. gxf5 gxf5 24. Nh5 c5 25. Nf4 cxd4 26. Nxe6 Rxe6 27. cxd4 Qf6 28. Qf4+ Ka8 29. f3 Qxd4 30. Bxe4 dxe4 31. fxe4 Rc6+ 32. Rc2 Rxc2+ 33. Kxc2 Qd3+ 0-1

[Event "AUT-chT2O 0304"]
[Site "Austria"]
[Date "2004.02.29"]
[Round "11.5"]
[White "Prager, Manfred"]
[Black "Holzer, Gerhard"]
[Result "0-1"]
[WhiteElo "2099"]
[BlackElo "2245"]
[PlyCount "131"]
[EventDate "2003.10.25"]
[EventType "team-tourn"]
[EventRounds "11"]
[EventCountry "AUT"]
[SourceTitle "EXT 2005"]
[Source "ChessBase"]
[SourceDate "2004.11.15"]
[SourceVersion "1"]
[SourceVersionDate "2004.11.15"]
[SourceQuality "1"]
[WhiteTeam "Hietzing/Fischer SK"]
[BlackTeam "Donaustadt"]
[WhiteTeamCountry "AUT"]
[BlackTeamCountry "AUT"]

1. e4 c5 2. Nf3 a6 3. c4 e6 4. Nc3 d6 5. d4 cxd4 6. Nxd4 Nf6 7. Be2 Be7 8. 0-0 b6 9. Be3 0-0 10. Rc1 Bb7 11. f3 Nbd7 12. Qd2 Re8 13. Rfd1 Bf8 14. Nc2 Qc7 15. Bf4 Ne5 16. b3 Rad8 17. Qe1 d5 18. Bg3 dxe4 19. fxe4 Qc5+ 20. Bf2 Qc7 21. Bg3 Bd6 22. Kh1 Nxe4 23. Nxe4 Bxe4 24. Bf1 f5 25. Nb4 a5 26. Na6 Qe7 27. c5 bxc5 28. Nxc5 Nf3 29. Bxd6 Rxd6 30. Qf2 Ng5 31. Bc4 Rxd1+ 32. Rxd1 Rc8 33. Nxe4 Nxe4 34. Qe3 Kf7 35. Rf1 Nd6 36. Bd3 Ne8 37. Bc4 g6 38. Re1 Ng7 39. Qb6 Rc5 40. h3 h6 41. Rd1 Qc7 42. Qa6 Re5 43. Qa8 f4 44. a4 Kf6 45. Qf8+ Qf7 46. Qd8+ Qe7 47. Qd4 g5 48. Re1 Qc7 49. Rxe5 Qxe5 50. Qd8+ Kg6 51. Bb5 Qe1+ 52. Kh2 Kh5 53. Qd3 Kh4 54. Qf3 h5 55. Be2 e5 56. Qe4 Qg3+ 57. Kg1 Qxb3 58. Qxe5 Qb1+ 59. Kf2 Nf5 60. Qxa5 Ng3 61. Qb5 Qc1 62. Qd3 Qc5+ 63. Ke1 Qb4+ 64. Kf2 Qxa4 65. Kg1 Qa1+ 66. Bf1 0-1

[Event "AUT-chT2O 0304"]
[Site "Austria"]
[Date "2004.01.31"]
[Round "8.3"]
[White "Lipka, Juraj"]
[Black "Prager, Manfred"]
[Result "1-0"]
[WhiteElo "2417"]
[BlackElo "2099"]
[PlyCount "57"]
[EventDate "2003.10.25"]
[EventType "team-tourn"]
[EventRounds "11"]
[EventCountry "AUT"]
[SourceTitle "EXT 2005"]
[Source "ChessBase"]
[SourceDate "2004.11.15"]
[SourceVersion "1"]
[SourceVersionDate "2004.11.15"]
[SourceQuality "1"]
[WhiteTeam "Pamhagen SV Raiba"]
[BlackTeam "Hietzing/Fischer SK"]
[WhiteTeamCountry "AUT"]
[BlackTeamCountry "AUT"]

1. d4 Nf6 2. Nf3 d5 3. c3 e6 4. Bg5 Be7 5. Nbd2 Nbd7 6. e3 0-0 7. Bd3 c5 8. Ne5 Nxe5 9. dxe5 Nd7 10. Bf4 f5 11. h4 c4 12. Bc2 Nc5 13. Nf3 Bd7 14. Nd4 a5 15. g4 Ne4 16. gxf5 exf5 17. Bxe4 fxe4 18. e6 Be8 19. Qg4 Bf6 20. Bg5 Ra6 21. 0-0-0 a4 22. a3 Bxg5 23. hxg5 Bg6 24. Rh2 b5 25. Rdh1 b4 26. Rxh7 Bxh7 27. Qh4 Re8 28. Qxh7+ Kf8 29. Nf5 1-0

[Event "AUT-chT2O 0304"]
[Site "Austria"]
[Date "2003.10.26"]
[Round "2.5"]
[White "Prager, Manfred"]
[Black "Wiedermann, Franz"]
[Result "1/2-1/2"]
[WhiteElo "2099"]
[BlackElo "2105"]
[PlyCount "28"]
[EventDate "2003.10.25"]
[EventType "team-tourn"]
[EventRounds "11"]
[EventCountry "AUT"]
[SourceTitle "EXT 2005"]
[Source "ChessBase"]
[SourceDate "2004.11.15"]
[SourceVersion "1"]
[SourceVersionDate "2004.11.15"]
[SourceQuality "1"]
[WhiteTeam "Hietzing/Fischer SK"]
[BlackTeam "Stockerau"]
[WhiteTeamCountry "AUT"]
[BlackTeamCountry "AUT"]

1. e4 d5 2. exd5 Qxd5 3. Nc3 Qa5 4. Nf3 Nf6 5. Be2 c6 6. 0-0 b5 7. d3 Bb7 8. Ne4 Nbd7 9. Bd2 Qc7 10. Qc1 Nxe4 11. dxe4 e6 12. Bf4 e5 13. Bg3 Be7 14. Rd1 0-0 1/2-1/2

[Event "AUT-chT 0203"]
[Site "Austria"]
[Date "2003.01.23"]
[Round "5"]
[White "Waldmann, Gerald"]
[Black "Prager, Manfred"]
[Result "1/2-1/2"]
[WhiteElo "2160"]
[BlackElo "2087"]
[PlyCount "25"]
[EventDate "2002.12.05"]
[EventType "team-tourn"]
[EventRounds "11"]
[EventCountry "AUT"]
[SourceTitle "EXT 2004"]
[Source "ChessBase"]
[SourceDate "2003.11.25"]
[SourceVersion "1"]
[SourceVersionDate "2003.11.25"]
[SourceQuality "1"]
[WhiteTeam "Klagenfurter Die"]
[BlackTeam "Hietzing/Fischer SK"]
[WhiteTeamCountry "AUT"]
[BlackTeamCountry "AUT"]

1. e4 c6 2. d4 d5 3. exd5 cxd5 4. c4 dxc4 5. Bxc4 e6 6. Nf3 Nf6 7. Nc3 Be7 8. 0-0 0-0 9. Ne5 a6 10. Be3 b5 11. Qf3 Qc7 12. Qxa8 Bb7 13. Qa7 1/2-1/2

[Event "Ernst Stoeckl Memorial 1st"]
[Site "Vienna"]
[Date "2002.02.09"]
[Round "8.1"]
[White "Prager, Manfred"]
[Black "Wiedner, Robert"]
[Result "0-1"]
[WhiteElo "2063"]
[BlackElo "2185"]
[PlyCount "86"]
[EventDate "2002.02.02"]
[EventType "swiss"]
[EventRounds "9"]
[EventCountry "AUT"]
[SourceTitle "EXT 2003"]
[Source "ChessBase"]
[SourceDate "2002.11.25"]
[SourceVersion "1"]
[SourceVersionDate "2002.11.25"]
[SourceQuality "1"]

1. e4 c5 2. Nf3 e6 3. d4 cxd4 4. Nxd4 Qb6 5. Nb3 Qc7 6. Nc3 a6 7. Be2 b5 8. Be3 Bb7 9. Bf3 d6 10. 0-0 Nf6 11. a3 Nbd7 12. g3 h5 13. Re1 Ne5 14. Bg2 Nc4 15. Bc1 h4 16. Nd2 Ne5 17. Nf3 hxg3 18. hxg3 Neg4 19. Qe2 Rc8 20. Bg5 Qb6 21. Nh4 Rc5 22. Be3 Nxe3 23. Qxe3 Qc7 24. Rad1 Ng4 25. Qd4 Rc4 26. Qd2 Be7 27. Nf3 Qc5 28. Re2 Qh5 29. Qd3 Kf8 30. Rde1 g6 31. Nd1 d5 32. exd5 Bxd5 33. Nc3 Rxc3 34. bxc3 Bc5 35. Nh4 Bc4 36. Qd8+ Kg7 37. Qc7 Bxe2 38. Rxe2 Qg5 39. Nf3 Qc1+ 40. Bf1 Rh1+ 41. Kxh1 Qxf1+ 42. Ng1 Bxf2 43. Rxf2 Qxf2 0-1

[Event "Ernst Stoeckl Memorial 1st"]
[Site "Vienna"]
[Date "2002.02.05"]
[Round "4.1"]
[White "Kleiser, Gregor"]
[Black "Prager, Manfred"]
[Result "1-0"]
[WhiteElo "2177"]
[BlackElo "2063"]
[PlyCount "77"]
[EventDate "2002.02.02"]
[EventType "swiss"]
[EventRounds "9"]
[EventCountry "AUT"]
[SourceTitle "EXT 2003"]
[Source "ChessBase"]
[SourceDate "2002.11.25"]
[SourceVersion "1"]
[SourceVersionDate "2002.11.25"]
[SourceQuality "1"]

1. d4 Nf6 2. c4 e5 3. dxe5 Ng4 4. Nf3 Nc6 5. e3 Ngxe5 6. Nxe5 Nxe5 7. Be2 Bb4+ 8. Bd2 Bxd2+ 9. Qxd2 d6 10. 0-0 Qe7 11. Nc3 Be6 12. Nd5 Bxd5 13. cxd5 c5 14. dxc6 bxc6 15. Rac1 Rc8 16. Rfd1 d5 17. Qxd5 cxd5 18. Rxc8+ Kd7 19. Rxh8 Qb4 20. b3 Qa5 21. a4 Qc3 22. Rxd5+ Ke6 23. Rd4 Qc1+ 24. Bf1 f6 25. Rxh7 Kf7 26. b4 Kg8 27. Rhh4 g5 28. Rhe4 Kf7 29. b5 Kg6 30. Rxe5 fxe5 31. Rd6+ Kf7 32. Rd7+ Ke6 33. Rxa7 Kd6 34. a5 g4 35. a6 e4 36. Rg7 Kc5 37. Rxg4 Qb1 38. a7 Qa1 39. Rg5+ 1-0

[Event "Ernst Stoeckl Memorial 1st"]
[Site "Vienna"]
[Date "2002.02.04"]
[Round "3.1"]
[White "Prager, Manfred"]
[Black "Janetschek, Karl"]
[Result "1-0"]
[WhiteElo "2063"]
[BlackElo "2293"]
[PlyCount "73"]
[EventDate "2002.02.02"]
[EventType "swiss"]
[EventRounds "9"]
[EventCountry "AUT"]
[SourceTitle "EXT 2003"]
[Source "ChessBase"]
[SourceDate "2002.11.25"]
[SourceVersion "1"]
[SourceVersionDate "2002.11.25"]
[SourceQuality "1"]

1. e4 c5 2. Nf3 e6 3. d4 cxd4 4. Nxd4 Nf6 5. Nc3 Nc6 6. a3 Qc7 7. Be2 Be7 8. 0-0 0-0 9. Kh1 a6 10. f4 d6 11. Be3 Na5 12. Qe1 Nc4 13. Bc1 b5 14. Bf3 Bb7 15. b3 Nb6 16. Bb2 Nfd7 17. Rd1 Rfe8 18. Qg3 Bf8 19. Rd2 Nc5 20. Rfd1 Rad8 21. Ncxb5 axb5 22. Nxb5 Qb8 23. Nxd6 Rxd6 24. Rxd6 Bxe4 25. Be5 f6 26. Rd8 Rxd8 27. Bxb8 Rxb8 28. f5 Re8 29. b4 Bxf3 30. gxf3 Nca4 31. fxe6 Rxe6 32. Rd8 Kf7 33. Qc7+ Be7 34. Rd4 Nb2 35. c4 Re1+ 36. Kg2 N6a4 37. Re4 1-0

[Event "Vienna-ch"]
[Site "Vienna"]
[Date "1997.??.??"]
[Round "8"]
[White "Prager, Manfred"]
[Black "Fordan, Tibor"]
[Result "0-1"]
[WhiteElo "2150"]
[BlackElo "2245"]
[PlyCount "117"]
[EventDate "1997.??.??"]
[EventType "swiss"]
[EventRounds "9"]
[EventCountry "AUT"]
[SourceTitle "EXT 1999"]
[Source "ChessBase"]
[SourceDate "1998.11.16"]
[SourceVersion "1"]
[SourceVersionDate "1998.11.16"]
[SourceQuality "1"]

1. e4 e5 2. Nf3 Nc6 3. d4 exd4 4. Nxd4 Bc5 5. Nb3 Bb6 6. Nc3 Qf6 7. Qe2 Nge7 8. Be3 0-0 9. g3 Bxe3 10. Qxe3 d5 11. 0-0-0 dxe4 12. Nxe4 Qg6 13. a3 Bf5 14. f3 a5 15. Nbd2 Rfd8 16. Be2 Nd5 17. Qf2 Nf6 18. Bd3 Ne5 19. Nxf6+ Qxf6 20. Bxf5 Qxf5 21. h3 Rd6 22. f4 Rc6 23. Ne4 Qxe4 24. fxe5 Qxe5 25. Rhe1 Qg5+ 26. Qe3 Qxe3+ 27. Rxe3 Kf8 28. Rd7 Re8 29. Rf3 f6 30. g4 h6 31. h4 Re7 32. Rd5 b6 33. g5 hxg5 34. hxg5 Kf7 35. b4 axb4 36. axb4 Rc4 37. Rdf5 Re6 38. c3 Kg6 39. gxf6 Rxf6 40. Rxf6+ gxf6 41. Kd2 b5 42. Ke2 Kg5 43. Rg3+ Rg4 44. Rd3 c6 45. Rd6 Rc4 46. Kd3 f5 47. Rd8 Kg4 48. Rg8+ Kf3 49. Rg6 f4 50. Kd2 Kf2 51. Kd3 f3 52. Kd2 Kf1 53. Kd3 f2 54. Kd2 Rh4 55. Rxc6 Kg2 56. Rg6+ Kf3 57. Rf6+ Rf4 58. Rxf4+ Kxf4 59. Ke2 0-1